| 000 | 01140cam a2200301 a 4500 | ||
|---|---|---|---|
| 999 |
_c126702 _d126702 |
||
| 001 | 3987831 | ||
| 003 | ARRUPE | ||
| 005 | 20170821094838.0 | ||
| 008 | 950615s1995 sa a b 000 0 eng c | ||
| 010 | _a 95165360 | ||
| 020 | _a1868142426 | ||
| 035 | _a(OCoLC)32554638 | ||
| 040 |
_aIEN _cIEN _dCU _dDLC |
||
| 042 | _alcnccp | ||
| 050 | 0 | 0 |
_aPR9369.3.M323 _bD5 1995 |
| 082 | 0 | 0 |
_a822 _221 |
| 100 | 1 |
_aMaponya, Maishe. _934916 |
|
| 245 | 1 | 0 |
_aDoing plays for a change : _bfive works / _cMaishe Maponya ; introduced by Ian Steadman. |
| 260 |
_aJohannesburg, South Africa : _bWitwatersrand University Press, _cc1995. |
||
| 300 |
_axxiii, 148 p. : _bill. ; _c22 cm. |
||
| 504 | _aIncludes bibliographical references (p. xxiii). | ||
| 505 | 0 | _aThe hungry earth -- Umongikazi/The nurse -- Dirty work -- Gangsters -- Jika. | |
| 700 | 1 |
_aSteadman, Ian. _934917 |
|
| 906 |
_a7 _bcbc _cnccpada _d3 _encip _f19 _gy-gencatlg |
||
| 942 |
_2lcc _cMONOGRAPH |
||